Importancia de la cultura hispano-vasca : (Record no. 164735)

MARC details
000 -LEADER
campo de control de longitud fija 00741nam a2200169 i 4500
001 - NÚMERO DE CONTROL
campo de control 164735
003 - IDENTIFICADOR DE NÚMERO DE CONTROL
campo de control ES-MaACL
005 - FECHA Y HORA DE LA ÚLTIMA TRANSACCIÓN
campo de control 20230906213007.0
008 - DATOS DE LONGITUD FIJA--INFORMACIÓN GENERAL
campo de control de longitud fija 021107s1858 sp |||| | spa d
100 1# - ENTRADA PRINCIPAL--NOMBRE DE PERSONA
Nombre de persona Santa María, José.
9 (RLIN) 132425
245 10 - MENCIÓN DEL TÍTULO
Título Importancia de la cultura hispano-vasca :
Resto del título discurso inaugural pronunciado en la solemne apertura del curso académico de 1858 a 1859 en el Real Seminario Científico-Industrial de Vergara /
Mención de responsabilidad, etc. por José Santa María.
260 ## - PUBLICACIÓN, DISTRIBUCIÓN, ETC.
Lugar de publicación, distribución, etc. Vergara :
Nombre del editor, distribuidor, etc. Imp. y Lb. de Franco y Compañía,
Fecha de publicación, distribución, etc. 1858.
300 ## - DESCRIPCIÓN FÍSICA
Extensión 37 p. ;
Dimensiones 27 cm.
651 #4 - PUNTO DE ACCESO ADICIONAL DE MATERIA--NOMBRE GEOGRÁFICO
Nombre geográfico País Vasco-
Subdivisión general Cultura.
9 (RLIN) 9148
710 2# - ENTRADA AGREGADA--NOMBRE DE ENTIDAD CORPORATIVA
Nombre de entidad corporativa o nombre de jurisdicción como elemento de entrada Real Seminario de Vergara.
9 (RLIN) 175638
852 4# - LOCALIZACIÓN
Ubicación ES-MaACL
Número de control de estantería T-10-F-7
Nota libre - Enc. hol.
-- - Enc. en un vol. facticio
Holdings
Estatus retirado Estado de pérdida Estado de daño No para préstamo Colección Biblioteca de origen Biblioteca actual Ubicación en estantería Fecha de adquisición Total de préstamos Signatura topográfica completa Código de barras Visto por última vez Precio de reemplazo Tipo de ítem Koha
        Colección de folletos Biblioteca del Ateneo de Madrid Biblioteca del Ateneo de Madrid Depósito folletos 17/01/2008   T-10-F-7 1172684 23/02/2023 23/02/2023 Folleto